| 000 | 00402nam a2200169Ia 4500 | ||
|---|---|---|---|
| 008 | 230524s9999 xx 000 0 und d | ||
| 082 |
_a5.13 _bKER |
||
| 100 | _aBrain W.Kernighan | ||
| 245 | 4 | _aThe Unix Programming Environment | |
| 250 | _a1ST | ||
| 260 |
_aNEW DELHI _bPHI _c2001 |
||
| 300 | _aX;357 | ||
| 500 | _aQuantity Number: 2 | ||
| 650 | _aComp-Sc | ||
| 700 | _a Rob Pike | ||
| 942 | _cBK | ||
| 999 |
_c25773 _d25773 |
||